000 00508nam a2200217Ia 4500
003 OSt
005 20220924152447.0
006 a|||||r|||| 00| 0
007 ta
008 220923b |||||||| |||| 00| 0 mar d
024 _a342570
037 _cTextual
040 _aARTS
_cARTS
_bmar
041 _2mar
_amar
082 _aV2y7M54, 155K2
245 0 _aKhaparde Charit
260 _c1962
650 _aHISTORY
942 _hV2y7M54, 155K2
_cTEXL
_2CC
999 _c469876
_d469876